El edipo rey de Sófocles

Պահպանված է:
Մատենագիտական մանրամասներ
Հիմնական հեղինակ: Schlesinger, Eilhard (Հեղինակ)
Ձևաչափ: Գիրք
Լեզու:իսպաներեն
Հրապարակվել է: La Plata Universidad Nacional de La Plata 1950
Խորագրեր:
Ցուցիչներ: Ավելացրեք ցուցիչ
Չկան պիտակներ, Եղեք առաջինը, ով նշում է այս գրառումը!

MARC

LEADER 00000nam a2200000 a 4500
001 UCT2728
003 CL-VaPUC
008 961011e19500000AG |||||||||||||||||spa|d
082 0 4 |a 882.09  |b SCH  |2 21 
100 0 |a Schlesinger, Eilhard  |e author  |9 371727 
245 1 3 |a El edipo rey de Sófocles 
300 |a 135 p 
942 |c BK 
945 |d 19961011 00:00:00  |a rbrito 
260 |a La Plata  |b Universidad Nacional de La Plata  |c 1950 
600 0 |a Sófocles  |e autor  |9 269407 
650 7 |a TEATRO GRIEGO  |2 CL-VaPUC  |9 371728 
650 0 |a Mitos  |9 267117 
650 7 |a FABULAS  |2 CL-VaPUC  |9 371729 
650 0 |a Comedias griegas   |9 265641 
650 0 |a Tragedia griega  |9 265362 
650 0 |a Crítica e interpretación   |9 255042 
583 |a last modification  |c 19961011 00:00:00  |k Rodrigo Vera 
999 |c 252705  |d 252703 
952 |0 0  |1 0  |4 0  |6 882_090000000000000_SCH_1950  |7 0  |8 A  |9 272747  |a BIBEDU  |b BIBEDU  |d 2019-11-19  |i 3239780  |o 882.09 SCH 1950  |p 3239780  |r 2019-11-19  |w 2019-11-19  |y BK  |k LIT